Κατάλογος Βιβλιοθηκών Mediterranean College

Corporate Strategies in the Pacific Rim / Global Versus Regional Trends (Record no. 3295)

MARC details
000 -LEADER
fixed length control field 01863cam a22002054a 4500
005 - ΗΜΕΡΟΜΗΝΙΑ ΚΑΙ ΩΡΑ ΤΕΛΕΥΤΑΙΑΣ ΕΝΗΜΕΡΩΣΗΣ
Πεδίο ελέγχου 20250605164111.0
008 - FIXED-LENGTH DATA ELEMENTS--GENERAL INFORMATION
Πεδίο ελέγχου σταθερού μήκους 250528s ||||||||||||||||||||||||d
035 ## - SYSTEM CONTROL NUMBER
System control number 17896
020 ## - ISBN
ISBN 415104556
040 ## - ΠΗΓΗ ΚΑΤΑΛΟΓΟΓΡΑΦΗΣΗΣ
Φορέας πρωτότυπης καταλογογράφησης MC Athens Campus Library
Γλώσσα καταλογογράφησης Ελληνικά, Μοντέρνα (1453-)
Modifying agency MC Athens Campus Library
Κανόνες περιγραφικής καταλογογράφησης AACR2
245 1# - ΤΙΤΛΟΣ ΚΑΙ ΔΗΛΩΣΗ ΥΠΕΥΘΥΝΟΤΗΤΑΣ
Τίτλος Corporate Strategies in the Pacific Rim / Global Versus Regional Trends
260 ## - PUBLICATION, DISTRIBUTION, ETC.
Name of publisher, distributor, etc. Rouledge,
Date of publication, distribution, etc. 1995
300 ## - PHYSICAL DESCRIPTION
Extent 428
505 0# - FORMATTED CONTENTS NOTE
Formatted contents note List of Tables and Figures, Introduction, The Evolving Global Economy: Macro versus Micro Forces, The Parameters of the Evolving Global Political Economy, Global Firms: Confronting the Imperatives of Globalization and Regionalization, New Strategic Challenges Facing the Global Company, Organizing Technical Activities Within the Globalizing Firm, Pacrim Firms: Structure and Strategy, Strategic Responses of Canadian Firms to Globalization, Strategic Responses of Taiwanese Firms to Globalization, Case Studies, Globalization of a Korean Firm: The Case of Samsung, The Globalization of Fujitsu, Joint Ventures Between US and Pacific Rim Firms: Problems and Prospects, Index.
520 ## - SUMMARY, ETC.
Summary, etc. List of Tables and Figures, Introduction, The Evolving Global Economy: Macro versus Micro Forces, The Parameters of the Evolving Global Political Economy, Global Firms: Confronting the Imperatives of Globalization and Regionalization, New Strategic Challenges Facing the Global Company, Organizing Technical Activities Within the Globalizing Firm, Pacrim Firms: Structure and Strategy, Strategic Responses of Canadian Firms to Globalization, Strategic Responses of Taiwanese Firms to Globalization, Case Studies, Globalization of a Korean Firm: The Case of Samsung, The Globalization of Fujitsu, Joint Ventures Between US and Pacific Rim Firms: Problems and Prospects, Index.
700 1# - ΠΡΟΣΘΕΤΗ ΑΝΑΓΡΑΦΗ--ΦΥΣΙΚΟ ΠΡΟΣΩΠΟ
Personal name Simon Fred Denis
9 (RLIN) 4195
942 ## - ADDED ENTRY ELEMENTS (KOHA)
Koha item type Books
Holdings
Τύπος τεκμηρίου Βιβλιοθήκη Τρέχουσα τοποθεσία Barcode Αριθμός εισαγωγής Ημερομηνία απόκτησης Ταξιθετικό σύμβολο Αριθμός αντιτύπου Κατάσταση απόσυρσης Κατάσταση χαμένου Κατάσταση κατεστραμμένου Μη δανεισμός Σύνολο δανεισμών Ημερομηνία τελευταίας εμφάνισης Η τιμή ισχύει από
Books MC Athens Campus Library MC Athens Campus Library 9780000032942 1662 05/06/2025 658.049099 SIM 1           05/06/2025 05/06/2025

MC Athens Campus Library
Πατησίων 94 & Κοδριγκτώνος 13, 104 34
Πελλήνης 8 & Πατησίων 107, 112 51
Τ: +30 210 8899600

MC Thessaloniki Campus Library
Ίωνος Δραγούμη 21, 54625 | Ίωνος Δραγούμη 15, 54625
Τ: +30 2310 287779 – Τ: +30 2314 440300